SCH Discographie - 2024 - Statistiques

Statistiques générales
  • Ce quiz a été pris 2 800 fois
    1 941 depuis la dernière actualisation
  • Le résultat moyen est 68 sur 143
Statistiques - réponses
% Correct
2 A7
95%
1 Anarchie
85%
14 Fusil
82%
1 John Lennon
79%
7 Gomorra
77%
12 Champs-Elysées
75%
4 Otto
74%
6 Autobahn
72%
14 Bénéfice
72%
8 Interlude
71%
13 La nuit
69%
1 Marché noir
69%
1 Prequel
69%
1 VNTM
69%
13 Ciel rouge
68%
3 Je la connais
67%
9 Liquide
67%
16 Loup noir
67%
10 Ciel bleu
65%
2 Pharmacie
65%
7 Prêt a partir
65%
1 Comme si
63%
8 Allo maman
62%
1 Stigmates
62%
4 Cannelloni
61%
9 Ivresse & Hennessy
61%
11 Le code
61%
11 Himalaya
60%
4 Mannschaft
60%
3 Solides
60%
16 Lumière blanche
59%
14 Mode Akimbo
59%
5 Skydweller
59%
5 Deux mille
58%
4 Gedeon
57%
10 02:00
56%
11 La pluie
56%
5 Les hommes aux yeux noirs
56%
3 Mayday
56%
15 Missiles
56%
11 6.45i
55%
5 Rêves de gosse
55%
3 Tokarev
55%
1 Cervelle
54%
3 Garcimore
54%
6 Genny & Ciiro
54%
10 Pas de manières
54%
6 R.A.C.
54%
6 Soldi famiglia
54%
2 Crois-moi
53%
5 MAC11
53%
4 Miroirs
53%
16 Baden Baden
52%
5 Le doc
52%
15 Météore
52%
9 Rose noire
52%
6 Crack
51%
12 Hells Kitchen
51%
6 Neuer
51%
2 Nino Brown
51%
13 Quartiers nord
51%
13 Calabre
50%
18 Tempête
50%
10 Poupée russe
49%
17 Hells Angels
48%
14 Interlude - Jour d'octobre
48%
13 J'reviens de loin
48%
2 Le taulier
48%
7 Beaux-arts
47%
4 Cartine Cartier
47%
11 Drogue prohibée
47%
9 Gris
47%
8 Mort de rire
47%
6 Facile
46%
2 Fournaise
46%
14 Batterie vide
45%
10 Ça ira
45%
11 Corrida
45%
8 J'attends
45%
10 Lilou Dallas
45%
3 Dans la tête
44%
2 LIF
44%
13 Murcielago
44%
4 Petit coeur
44%
3 Aluminium
43%
12 Anamnèse
43%
15 CEO
43%
12 Incompris
43%
1 Magnum
43%
7 Multirécidiviste
43%
16 Temps mort
43%
10 Dix-neuf
42%
7 Pas la paix
42%
17 Ah gars
41%
2 All Eyes On Me
41%
14 Ca va
41%
8 Balafres
40%
11 Ciment
40%
6 Quoi
40%
8 Euro
39%
11 Jimmy Twice
39%
10 J't'en prie
39%
15 Mafia
39%
17 Fantôme
38%
12 Super Silver Haze
38%
8 Mauvaises idées
37%
16 Adorable
36%
5 Tant pis
36%
14 Actes
35%
4 Day Date
35%
8 D'hier à aujourd'hui
35%
9 Ma kush
35%
3 Niobe
35%
10 Parano
35%
9 Quand on était momes
35%
7 Zone à danger
35%
18 Dernière ligne droite
34%
6 Les années de plomb
34%
2 Trop énorme
34%
9 Assoces
33%
5 Grand bain
33%
8 Transmission Automatique
32%
3 Allez leur dire
31%
12 Essuie tes larmes
31%
7 Alleluia
30%
15 Frime
30%
12 Raisons
30%
9 Solitude
30%
13 Blanc Bleu
29%
7 Paye
29%
13 Tirer un trait
29%
4 Marginaux
28%
13 Plus rien à se dire
27%
12 Slow Mo
27%
7 Vivienne Westwood
26%
17 King
25%
11 83K
23%
12 Cœur de môme
22%
14 Every Day
21%
16 Madre Mia
21%
9 Blue Bahamas
20%
5 Offshore
19%
15 Comme Avant
18%
Aucun quiz correspondant
Distribution des résultats
% des personnes avec chaque résultat
Percentile par nombre de réponses
Votre historique - résultats
Vous n’avez pas pris ce quiz depuis la dernière actualisation